Cizinci a daně zdaňování příjmů fyzických osob - cizích státních příslušníků v České republice

Na minha lista:
Detalhes bibliográficos
Autor principal: Vyškovská, Magdaléna
Formato: Livro
Idioma:tcheco
Publicado em: Praha ASPI 2005
Edição:2. aktualiz. a dopln. vyd.
Colecção:Téma
Assuntos:
Tags: Adicionar Tag
Sem tags, seja o primeiro a adicionar uma tag!

MARC

LEADER 00000nam$a2200000$$$4500
001 0062062
005 20240313132800.9
020 |a 80-7357-118-8 
041 0 |a cze 
044 |a CZ 
245 1 0 |a Cizinci a daně  |b zdaňování příjmů fyzických osob - cizích státních příslušníků v České republice  |c Magdaléna Vyškovská 
250 |a 2. aktualiz. a dopln. vyd. 
264 1 |a Praha  |b ASPI  |c 2005 
300 |a 150 s. 
490 1 |a Téma 
830 0 |a Téma 
610 2 0 |a dane z príjmov 
610 2 0 |a osoby fyzické 
610 2 0 |a cudzinci 
610 2 0 |a zdaňovanie 
610 2 0 |a Česko 
610 2 0 |a Európska únia 
610 2 0 |a legislatíva 
100 1 |a Vyškovská, Magdaléna